Lāl Bahādūr Śāstri. (Record no. 73151)

MARC details
000 -LEADER
fixed length control field 00594cam a22002291 4500
001 - CONTROL NUMBER
control field sa 67002243
003 - CONTROL NUMBER IDENTIFIER
control field DLC
005 - DATE AND TIME OF LATEST TRANSACTION
control field 20260227112329.0
008 - FIXED-LENGTH DATA ELEMENTS--GENERAL INFORMATION
fixed length control field 890426s1966 ii ac b 000 0 telo
010 ## - LIBRARY OF CONGRESS CONTROL NUMBER
LC control number sa 67002243
035 ## - SYSTEM CONTROL NUMBER
System control number (OCoLC)19609194
040 ## - CATALOGING SOURCE
Original cataloging agency DLC
Transcribing agency WaU
Modifying agency DLC
042 ## - AUTHENTICATION CODE
Authentication code premarc
050 00 - LIBRARY OF CONGRESS CALL NUMBER
Classification number DS481.S48
Item number P285
100 1# - MAIN ENTRY--PERSONAL NAME
Personal name Parthasarathy, N. C. S.
245 00 - TITLE STATEMENT
Title Lāl Bahādūr Śāstri.
260 ## - PUBLICATION, DISTRIBUTION, ETC.
Date of publication, distribution, etc. 1966.
300 ## - PHYSICAL DESCRIPTION
Extent ii, 124 p.
Other physical details illus., ports.
Dimensions 22 cm.
500 ## - GENERAL NOTE
General note In Telugu.
504 ## - BIBLIOGRAPHY, ETC. NOTE
Bibliography, etc. note Bibliography: p. 124.
600 10 - SUBJECT ADDED ENTRY--PERSONAL NAME
Personal name Shastri, Lal Bahadur,
Dates associated with a name 1904-1966.

No items available.

Powered by Koha